<?xml version="1.0" encoding="UTF-8"?>
<record
    xmlns:xsi="http://www.w3.org/2001/XMLSchema-instance"
    xsi:schemaLocation="http://www.loc.gov/MARC21/slim http://www.loc.gov/standards/marcxml/schema/MARC21slim.xsd"
    xmlns="http://www.loc.gov/MARC21/slim">

  <leader>00664cam8a220020500 4500</leader>
  <controlfield tag="001">qcf00154929</controlfield>
  <controlfield tag="005">20190830103823.0</controlfield>
  <controlfield tag="008">740220s1968    po                  por u</controlfield>
  <datafield tag="035" ind1=" " ind2=" ">
    <subfield code="a">(Sirsi) r25384</subfield>
  </datafield>
  <datafield tag="035" ind1=" " ind2=" ">
    <subfield code="a">(QCAT)lss00532429</subfield>
  </datafield>
  <datafield tag="035" ind1=" " ind2=" ">
    <subfield code="a">(UPRA)qcf00154929</subfield>
  </datafield>
  <datafield tag="040" ind1=" " ind2=" ">
    <subfield code="d">UPRA</subfield>
  </datafield>
  <datafield tag="110" ind1="2" ind2=" ">
    <subfield code="a">Museu de Etnologia do Ultramar (Portugal)</subfield>
    <subfield code="6">A88757.1</subfield>
  </datafield>
  <datafield tag="245" ind1="1" ind2="0">
    <subfield code="a">Escultura africana no Museu de Etnologia do Ultramar.</subfield>
  </datafield>
  <datafield tag="260" ind1=" " ind2=" ">
    <subfield code="a">Lisboa :</subfield>
    <subfield code="b">Junta de Investigacoes do Ultramar,</subfield>
    <subfield code="c">1968.</subfield>
  </datafield>
  <datafield tag="504" ind1=" " ind2=" ">
    <subfield code="a">Includes bibliographical references.</subfield>
  </datafield>
  <datafield tag="650" ind1=" " ind2="0">
    <subfield code="a">Sculpture, African.</subfield>
    <subfield code="6">S3741.1</subfield>
  </datafield>
  <datafield tag="949" ind1=" " ind2=" ">
    <subfield code="a">NB1080</subfield>
    <subfield code="w">lcc</subfield>
    <subfield code="i">-25500</subfield>
    <subfield code="m">MAIN</subfield>
    <subfield code="t">BOOK</subfield>
    <subfield code="l">ON-SHELF</subfield>
  </datafield>
  <controlfield tag="004">25384</controlfield>
  <datafield tag="999" ind1=" " ind2=" ">
    <subfield code="c">184935</subfield>
    <subfield code="d">184935</subfield>
  </datafield>
</record>
